[Event "DGCS OPEN 2018"]
[Site "Ostrow Wielkopolski"]
[Date "2018.09.28"]
[Round "4.2"]
[White "Chojnacki, Slawomir"]
[Black "Janaszak, Dawid"]
[Result "1/2-1/2"]
[BlackElo "2276"]
[WhiteElo "2182"]
[LiveChessVersion "1.4.8"]

1. d4 {[%clk 0:10:04]} Nf6 {[%clk 0:10:05]} 2. Nf3 {[%clk 0:10:06]} g6
{[%clk 0:10:06]} 3. c3 {[%clk 0:10:08]} Bg7 {[%clk 0:10:06]} 4. Bg5
{[%clk 0:10:09]} O-O {[%clk 0:10:04]} 5. Nbd2 {[%clk 0:10:11]} d6
{[%clk 0:09:57]} 6. e3 {[%clk 0:10:02]} b6 {[%clk 0:09:43]} 7. Bd3
{[%clk 0:10:02]} Bb7 {[%clk 0:09:44]} 8. O-O {[%clk 0:10:00]} Nbd7
{[%clk 0:09:40]} 9. Qc2 {[%clk 0:09:54]} c5 {[%clk 0:09:30]} 10. Rfe1
{[%clk 0:09:47]} Rc8 {[%clk 0:09:12]} 11. Rad1 {[%clk 0:09:46]} Qc7
{[%clk 0:09:12]} 12. h3 {[%clk 0:09:27]} Rfe8 {[%clk 0:08:46]} 13. Qb1
{[%clk 0:09:07]} Qb8 {[%clk 0:08:45]} 14. Bh4 {[%clk 0:09:03]} Qa8
{[%clk 0:08:42]} 15. a3 {[%clk 0:08:53]} e5 {[%clk 0:07:52]} 16. dxe5
{[%clk 0:08:42]} Nxe5 {[%clk 0:07:48]} 17. Nxe5 {[%clk 0:08:34]} dxe5
{[%clk 0:07:40]} 18. Bxf6 {[%clk 0:08:22]} Bxf6 {[%clk 0:07:33]} 19. Be4
{[%clk 0:08:23]} Rcd8 {[%clk 0:07:13]} 20. Bxb7 {[%clk 0:07:37]} Qxb7
{[%clk 0:07:14]} 21. Qe4 {[%clk 0:07:37]} Qe7 {[%clk 0:05:41]} 22. Nc4
{[%clk 0:07:12]} Qe6 {[%clk 0:05:24]} 23. b3 {[%clk 0:06:55]} Kg7
{[%clk 0:04:18]} 24. a4 {[%clk 0:06:50]} Rd7 {[%clk 0:03:57]} 25. Rxd7
{[%clk 0:05:56]} Qxd7 {[%clk 0:03:59]} 26. Qc2 {[%clk 0:05:57]} Rd8
{[%clk 0:03:42]} 27. e4 {[%clk 0:05:59]} Qd3 {[%clk 0:03:10]} 28. Qxd3
{[%clk 0:05:58]} Rxd3 {[%clk 0:03:11]} 29. Rc1 {[%clk 0:05:59]} Bg5
{[%clk 0:03:03]} 30. Rc2 {[%clk 0:06:01]} Rd1+ {[%clk 0:02:51]} 31. Kh2
{[%clk 0:06:03]} Rb1 {[%clk 0:02:52]} 32. Rb2 {[%clk 0:05:54]} Rc1
{[%clk 0:02:51]} 33. g3 {[%clk 0:05:38]} f6 {[%clk 0:02:40]} 34. a5
{[%clk 0:05:36]} bxa5 {[%clk 0:02:33]} 35. Nxa5 {[%clk 0:05:10]} Rxc3
{[%clk 0:02:35]} 36. Ra2 {[%clk 0:05:07]} h5 {[%clk 0:02:05]} 37. h4
{[%clk 0:05:04]} Bc1 {[%clk 0:01:59]} 38. Nb7 {[%clk 0:04:29]} f5
{[%clk 0:01:43]} 39. Rxa7 {[%clk 0:04:26]} Kg8 {[%clk 0:01:23]} 40. Ra8+
{[%clk 0:04:18]} Kg7 {[%clk 0:01:22]} 41. Rc8 {[%clk 0:04:17]} Ba3
{[%clk 0:01:12]} 42. Rc7+ {[%clk 0:03:53]} Kg8 {[%clk 0:01:13]} 43. Nd6
{[%clk 0:03:31]} fxe4 {[%clk 0:00:56]} 44. Nxe4 {[%clk 0:03:30]} Rxb3
{[%clk 0:00:58]} 45. Nxc5 {[%clk 0:03:17]} Bxc5 {[%clk 0:00:59]} 46. Rxc5
{[%clk 0:03:19]} Rb2 {[%clk 0:00:57]} 47. Kg2 {[%clk 0:03:15]} Re2
{[%clk 0:00:45]} 48. Kf1 {[%clk 0:03:17]} Re4 {[%clk 0:00:48]} 49. f3
{[%clk 0:03:14]} Ra4 {[%clk 0:00:45]} 50. Rxe5 {[%clk 0:03:16]} Kg7
{[%clk 0:00:44]} 51. Kf2 {[%clk 0:03:13]} Ra2+ {[%clk 0:00:46]} 52. Re2 Ra3 53.
Re6 {[%clk 0:03:02]} Rb3 {[%clk 0:00:50]} 54. Rd6 {[%clk 0:03:00]} Rb2+
{[%clk 0:00:50]} 55. Ke3 {[%clk 0:03:00]} Rb3+ {[%clk 0:00:50]} 56. Rd3
{[%clk 0:03:00]} Rb4 {[%clk 0:00:52]} 57. Rd4 {[%clk 0:03:02]} Rb1
{[%clk 0:00:53]} 58. Kf4 {[%clk 0:03:04]} Rb6 {[%clk 0:00:52]} 59. Rd5
{[%clk 0:02:52]} Kf6 {[%clk 0:00:54]} 60. Rd4 {[%clk 0:02:50]} Ra6
{[%clk 0:00:55]} 61. g4 {[%clk 0:02:46]} hxg4 {[%clk 0:00:57]} 62. fxg4
{[%clk 0:02:26]} g5+ {[%clk 0:00:52]} 63. hxg5+ {[%clk 0:02:16]} Kg6
{[%clk 0:00:55]} 64. Rb4 {[%clk 0:02:13]} Rc6 {[%clk 0:00:55]} 65. Rb5
{[%clk 0:02:06]} Rc4+ {[%clk 0:00:57]} 66. Kg3 {[%clk 0:02:07]} Rc1
{[%clk 0:00:57]} 67. Rb6+ 1/2-1/2

[Event "DGCS OPEN 2018"]
[Site "Ostrow Wielkopolski"]
[Date "2018.09.28"]
[Round "4.3"]
[White "Laszewicz, Pawel"]
[Black "Szadkowski, Kamil"]
[Result "0-1"]
[BlackElo "2194"]
[WhiteElo "2030"]
[LiveChessVersion "1.4.8"]

1. e4 {[%clk 0:10:05]} e5 {[%clk 0:10:05]} 2. Nf3 {[%clk 0:10:06]} Nc6
{[%clk 0:10:07]} 3. d4 {[%clk 0:10:08]} exd4 {[%clk 0:10:05]} 4. Nxd4
{[%clk 0:10:09]} Bb4+ {[%clk 0:10:07]} 5. c3 {[%clk 0:10:08]} Bc5
{[%clk 0:10:09]} 6. Nxc6 {[%clk 0:09:41]} bxc6 {[%clk 0:10:11]} 7. Bd3
{[%clk 0:09:21]} Qh4 {[%clk 0:10:07]} 8. O-O {[%clk 0:09:09]} Nf6
{[%clk 0:10:07]} 9. Qf3 {[%clk 0:08:16]} O-O {[%clk 0:10:05]} 10. h3
{[%clk 0:07:33]} d5 {[%clk 0:09:22]} 11. exd5 {[%clk 0:07:11]} cxd5
{[%clk 0:09:19]} 12. Bf4 {[%clk 0:06:42]} c6 {[%clk 0:08:06]} 13. Nd2
{[%clk 0:06:37]} Nh5 {[%clk 0:07:14]} 14. Be3 {[%clk 0:05:24]} Bd6
{[%clk 0:07:02]} 15. Rfe1 {[%clk 0:05:19]} Bb7 {[%clk 0:06:51]} 16. Nb3
{[%clk 0:04:59]} Rfe8 {[%clk 0:05:32]} 17. Nc5 {[%clk 0:04:47]} Bxc5
{[%clk 0:05:34]} 18. Bxc5 {[%clk 0:04:46]} Nf4 {[%clk 0:05:22]} 19. Bf1
{[%clk 0:04:38]} Ne6 {[%clk 0:05:24]} 20. Bd6 {[%clk 0:03:59]} Qd8
{[%clk 0:04:59]} 21. Bg3 {[%clk 0:03:37]} c5 {[%clk 0:05:00]} 22. Bb5
{[%clk 0:03:24]} Rf8 {[%clk 0:04:56]} 23. Qe2 {[%clk 0:02:56]} Qb6
{[%clk 0:04:45]} 24. Rad1 {[%clk 0:02:50]} d4 {[%clk 0:03:59]} 25. Bc4
{[%clk 0:02:22]} Rfe8 {[%clk 0:04:01]} 26. cxd4 {[%clk 0:01:47]} cxd4
{[%clk 0:04:03]} 27. b3 {[%clk 0:01:37]} a6 {[%clk 0:03:45]} 28. Qg4
{[%clk 0:01:00]} Rad8 {[%clk 0:03:43]} 29. Be5 {[%clk 0:00:43]} Bd5
{[%clk 0:03:39]} 30. Bd3 {[%clk 0:00:16]} Qb7 {[%clk 0:02:42]} 31. Qf5
{[%clk 0:00:12]} Nf8 {[%clk 0:02:44]} 32. Qg4 0-1

[Event "DGCS OPEN 2018"]
[Site "Ostrow Wielkopolski"]
[Date "2018.09.28"]
[Round "4.4"]
[White "Ciesinski, Andrzej"]
[Black "Siwik, Rafal"]
[Result "0-1"]
[BlackElo "1982"]
[WhiteElo "1624"]
[LiveChessVersion "1.4.8"]

1. e4 {[%clk 0:10:00]} c5 {[%clk 0:10:05]} 2. Nc3 {[%clk 0:10:01]} Nc6
{[%clk 0:10:05]} 3. f4 {[%clk 0:10:03]} d6 {[%clk 0:09:55]} 4. Bb5
{[%clk 0:09:59]} Bd7 {[%clk 0:09:51]} 5. Nf3 {[%clk 0:10:01]} g6 {[%clk 0:09:41]}
6. d3 {[%clk 0:09:59]} Bg7 {[%clk 0:09:42]} 7. O-O {[%clk 0:09:50]} Nd4
{[%clk 0:09:32]} 8. Bxd7+ {[%clk 0:09:32]} Qxd7 {[%clk 0:09:34]} 9. Ne2
{[%clk 0:09:32]} e6 {[%clk 0:09:21]} 10. c3 {[%clk 0:09:29]} Nxf3+
{[%clk 0:09:07]} 11. Rxf3 {[%clk 0:09:29]} Ne7 {[%clk 0:09:08]} 12. Be3
{[%clk 0:09:28]} O-O {[%clk 0:09:02]} 13. g4 {[%clk 0:08:36]} f5 {[%clk 0:08:40]}
14. g5 {[%clk 0:08:35]} b6 {[%clk 0:08:08]} 15. Ng3 {[%clk 0:07:33]} Qc6
{[%clk 0:06:15]} 16. Qb3 {[%clk 0:07:05]} d5 {[%clk 0:05:27]} 17. exf5
{[%clk 0:06:21]} Nxf5 {[%clk 0:04:56]} 18. Nxf5 {[%clk 0:06:14]} exf5
{[%clk 0:04:26]} 19. Bf2 {[%clk 0:04:51]} Rfe8 {[%clk 0:04:21]} 20. Re3
{[%clk 0:04:26]} Rxe3 {[%clk 0:04:22]} 0-1

[Event "DGCS OPEN 2018"]
[Site "Ostrow Wielkopolski"]
[Date "2018.09.28"]
[Round "5.1"]
[White "Janaszak, Dawid"]
[Black "Przybylski, Wojciech"]
[Result "0-1"]
[BlackElo "2297"]
[WhiteElo "2276"]
[LiveChessVersion "1.4.8"]

1. c4 {[%clk 0:10:05]} Nf6 {[%clk 0:10:02]} 2. g3 {[%clk 0:10:02]} e5
{[%clk 0:09:50]} 3. Bg2 {[%clk 0:10:00]} d5 {[%clk 0:09:51]} 4. cxd5
{[%clk 0:10:01]} Nxd5 {[%clk 0:09:52]} 5. Nc3 {[%clk 0:10:02]} Nb6
{[%clk 0:09:53]} 6. Nf3 {[%clk 0:09:59]} Nc6 {[%clk 0:09:53]} 7. O-O
{[%clk 0:09:57]} Be7 {[%clk 0:09:52]} 8. a3 {[%clk 0:09:47]} Be6 {[%clk 0:09:37]}
9. d3 {[%clk 0:09:41]} O-O {[%clk 0:09:35]} 10. Be3 {[%clk 0:09:39]} f6
{[%clk 0:08:23]} 11. Rc1 {[%clk 0:09:34]} Nd5 {[%clk 0:07:39]} 12. Nxd5
{[%clk 0:08:51]} Bxd5 {[%clk 0:07:40]} 13. b4 {[%clk 0:08:49]} a5
{[%clk 0:06:17]} 14. b5 {[%clk 0:07:55]} Nd4 {[%clk 0:06:18]} 15. Bxd4
{[%clk 0:07:29]} exd4 {[%clk 0:06:19]} 16. Qa4 {[%clk 0:06:41]} c5
{[%clk 0:05:13]} 17. bxc6 {[%clk 0:06:24]} Bxc6 {[%clk 0:05:14]} 18. Rxc6
{[%clk 0:05:58]} bxc6 {[%clk 0:05:15]} 19. Nxd4 {[%clk 0:05:58]} Qd6
{[%clk 0:04:42]} 20. Nxc6 {[%clk 0:04:59]} Rac8 {[%clk 0:04:38]} 21. Qxa5
{[%clk 0:04:06]} Qxa3 {[%clk 0:03:59]} 22. Qxa3 {[%clk 0:03:07]} Bxa3
{[%clk 0:04:01]} 23. d4 {[%clk 0:03:09]} Rfe8 {[%clk 0:03:30]} 24. e3
{[%clk 0:03:05]} Bd6 {[%clk 0:03:22]} 25. Rb1 {[%clk 0:02:45]} Rc7
{[%clk 0:03:13]} 26. Bf3 {[%clk 0:02:42]} Kf8 {[%clk 0:03:12]} 27. Kg2
{[%clk 0:02:42]} f5 {[%clk 0:01:14]} 28. h4 {[%clk 0:02:41]} g6 {[%clk 0:01:14]}
29. Rb6 {[%clk 0:02:38]} Kg7 {[%clk 0:01:07]} 30. Ra6 {[%clk 0:02:28]} Be7
{[%clk 0:00:53]} 31. d5 {[%clk 0:02:21]} Bf6 {[%clk 0:00:49]} 32. Rb6
{[%clk 0:01:32]} Rd7 {[%clk 0:00:48]} 33. Rb5 {[%clk 0:01:30]} Ra8
{[%clk 0:00:44]} 34. Na5 {[%clk 0:01:23]} Rc8 {[%clk 0:00:41]} 35. Nc6
{[%clk 0:01:20]} Ra8 {[%clk 0:00:41]} 36. Be2 {[%clk 0:01:05]} Ra2
{[%clk 0:00:38]} 37. Bc4 {[%clk 0:01:03]} Rc2 {[%clk 0:00:31]} 38. Bb3
{[%clk 0:00:50]} Rb2 {[%clk 0:00:32]} 39. Rb8 {[%clk 0:00:42]} Bc3
{[%clk 0:00:22]} 40. Kf1 {[%clk 0:00:38]} Kf6 {[%clk 0:00:08]} 41. Rb6
{[%clk 0:00:35]} Kg7 {[%clk 0:00:09]} 42. Rb8 {[%clk 0:00:29]} Kf6
{[%clk 0:00:11]} 43. Rb6 {[%clk 0:00:22]} Kg7 {[%clk 0:00:13]} 44. Nb8
{[%clk 0:00:12]} Rd8 {[%clk 0:00:13]} 45. Nc6 {[%clk 0:00:06]} Rxd5
{[%clk 0:00:07]} 46. Rb7+ {[%clk 0:00:05]} Kh6 {[%clk 0:00:07]} 47. Ne7 Rd8 0-1

[Event "DGCS OPEN 2018"]
[Site "Ostrow Wielkopolski"]
[Date "2018.09.28"]
[Round "5.2"]
[White "Dudzinski, Pawel"]
[Black "Chojnacki, Slawomir"]
[Result "0-1"]
[BlackElo "2182"]
[WhiteElo "2263"]
[LiveChessVersion "1.4.8"]

1. e4 {[%clk 0:10:04]} c6 {[%clk 0:10:05]} 2. d4 {[%clk 0:09:45]} d5
{[%clk 0:10:07]} 3. exd5 {[%clk 0:09:44]} cxd5 {[%clk 0:10:09]} 4. Bd3
{[%clk 0:09:46]} Nc6 {[%clk 0:10:11]} 5. c3 {[%clk 0:09:48]} g6 {[%clk 0:10:13]}
6. h3 {[%clk 0:09:48]} Bf5 {[%clk 0:10:14]} 7. Bxf5 {[%clk 0:09:41]} gxf5
{[%clk 0:10:16]} 8. Nf3 {[%clk 0:09:41]} e6 {[%clk 0:10:19]} 9. O-O
{[%clk 0:09:28]} Nf6 {[%clk 0:10:20]} 10. Re1 {[%clk 0:09:21]} Be7
{[%clk 0:10:21]} 11. a4 {[%clk 0:08:13]} Qc7 {[%clk 0:10:11]} 12. Na3
{[%clk 0:07:46]} a6 {[%clk 0:10:08]} 13. Bg5 {[%clk 0:06:19]} Ne4
{[%clk 0:09:43]} 14. Bxe7 {[%clk 0:06:13]} Qxe7 {[%clk 0:09:37]} 15. Nd2
{[%clk 0:05:25]} Qg5 {[%clk 0:09:14]} 16. Nxe4 {[%clk 0:05:21]} fxe4
{[%clk 0:08:48]} 17. f3 {[%clk 0:05:15]} Rg8 {[%clk 0:08:27]} 18. Qe2
{[%clk 0:05:10]} f5 {[%clk 0:08:12]} 19. Rf1 {[%clk 0:04:37]} O-O-O
{[%clk 0:07:46]} 20. b4 {[%clk 0:04:34]} Rd7 {[%clk 0:07:48]} 21. Kh1
{[%clk 0:04:31]} Rdg7 {[%clk 0:07:47]} 22. Ra2 {[%clk 0:04:23]} Ne7
{[%clk 0:06:41]} 23. f4 {[%clk 0:03:14]} Qh4 {[%clk 0:06:30]} 24. Qe1
{[%clk 0:03:10]} Rg3 {[%clk 0:05:55]} 25. b5 {[%clk 0:03:01]} a5 {[%clk 0:05:48]}
26. c4 {[%clk 0:02:12]} dxc4 {[%clk 0:05:02]} 27. Nxc4 {[%clk 0:02:12]} Nd5
{[%clk 0:04:52]} 28. Qc1 {[%clk 0:01:19]} Kb8 {[%clk 0:04:25]} 29. Ne5
{[%clk 0:01:21]} Rc3 {[%clk 0:03:30]} 30. Rc2 {[%clk 0:01:19]} Qg3
{[%clk 0:03:08]} 31. Nd7+ {[%clk 0:00:46]} Ka8 {[%clk 0:02:59]} 32. Rg1
{[%clk 0:00:32]} Rgc8 {[%clk 0:01:55]} 33. Nc5 {[%clk 0:00:34]} Rxc2
{[%clk 0:01:26]} 34. Qxc2 {[%clk 0:00:36]} Nxf4 {[%clk 0:01:13]} 35. b6
{[%clk 0:00:32]} Qe3 {[%clk 0:00:49]} 36. Rf1 {[%clk 0:00:11]} Ne2
{[%clk 0:00:38]} 37. Rb1 {[%clk 0:00:05]} Nxd4 {[%clk 0:00:32]} 38. Qc4
{[%clk 0:00:04]} Qd3 {[%clk 0:00:13]} 39. Qxd3 {[%clk 0:00:05]} exd3
{[%clk 0:00:15]} 40. Nxd3 {[%clk 0:00:06]} Kb8 41. Ne5 Nc6 {[%clk 0:00:04]} 42.
Nd7+ {[%clk 0:00:11]} Ka8 {[%clk 0:00:07]} 43. Rb5 {[%clk 0:00:13]} Rd8
{[%clk 0:00:08]} 44. Nc5 Rd5 45. Nxe6 {[%clk 0:00:14]} Rxb5 {[%clk 0:00:11]} 46.
Nc7+ {[%clk 0:00:17]} Kb8 {[%clk 0:00:14]} 47. Nxb5 {[%clk 0:00:19]} Ne5
{[%clk 0:00:14]} 48. Nd6 {[%clk 0:00:21]} Nd7 {[%clk 0:00:15]} 49. Nxf5
{[%clk 0:00:23]} Nxb6 {[%clk 0:00:20]} 50. g4 {[%clk 0:00:21]} Nxa4 51. g5
{[%clk 0:00:22]} Nc5 {[%clk 0:00:22]} 52. h4 Ne6 {[%clk 0:00:24]} 53. Ne3
{[%clk 0:00:22]} Kc7 {[%clk 0:00:25]} 54. Kg2 {[%clk 0:00:25]} b5
{[%clk 0:00:26]} 55. Kf3 {[%clk 0:00:27]} Kd6 {[%clk 0:00:28]} 56. Ke4
{[%clk 0:00:30]} a4 {[%clk 0:00:28]} 57. Nf5+ {[%clk 0:00:32]} Kc5
{[%clk 0:00:29]} 58. Ke5 {[%clk 0:00:33]} Nf8 {[%clk 0:00:30]} 59. Nd4
{[%clk 0:00:23]} a3 {[%clk 0:00:30]} 60. h5 {[%clk 0:00:25]} a2 {[%clk 0:00:30]}
61. Nb3+ {[%clk 0:00:18]} Kb4 {[%clk 0:00:31]} 62. Na1 {[%clk 0:00:21]} Kc3
{[%clk 0:00:32]} 63. Kf6 {[%clk 0:00:22]} b4 {[%clk 0:00:35]} 64. Ke7
{[%clk 0:00:25]} b3 {[%clk 0:00:29]} 65. Nxb3 {[%clk 0:00:04]} Kxb3
{[%clk 0:00:31]} 66. Kxf8 {[%clk 0:00:06]} a1=Q {[%clk 0:00:33]} 67. g6
{[%clk 0:00:09]} Qh8+ {[%clk 0:00:32]} 68. Kf7 {[%clk 0:00:11]} hxg6
{[%clk 0:00:29]} 69. hxg6 {[%clk 0:00:13]} Kc4 {[%clk 0:00:31]} 70. g7
{[%clk 0:00:15]} Qh5+ {[%clk 0:00:33]} 71. Kf8 {[%clk 0:00:17]} Qf5+
{[%clk 0:00:36]} 72. Ke7 {[%clk 0:00:19]} Qg6 {[%clk 0:00:38]} 73. Kf8
{[%clk 0:00:22]} Qf6+ 74. Kg8 Kd5 75. Kh7 Qh4+ {[%clk 0:00:45]} 76. Kg6
{[%clk 0:00:29]} Qg4+ {[%clk 0:00:47]} 77. Kf7 {[%clk 0:00:32]} Qf5+ 78. Ke7
{[%clk 0:00:34]} Qg6 {[%clk 0:00:51]} 79. Kf8 {[%clk 0:00:37]} Qf6+
{[%clk 0:00:53]} 80. Kg8 {[%clk 0:00:39]} Ke6 {[%clk 0:00:55]} 81. Kh7
{[%clk 0:00:41]} Qh4+ {[%clk 0:00:57]} 82. Kg6 {[%clk 0:00:43]} Qg4+
{[%clk 0:00:59]} 83. Kh7 {[%clk 0:00:46]} Qh5+ {[%clk 0:01:01]} 84. Kg8
{[%clk 0:00:48]} Kf6 {[%clk 0:01:01]} 85. Kf8 {[%clk 0:00:50]} Qf7# 0-1

[Event "DGCS OPEN 2018"]
[Site "Ostrow Wielkopolski"]
[Date "2018.09.28"]
[Round "5.3"]
[White "Szadkowski, Kamil"]
[Black "Andrejczuk, Beata"]
[Result "1-0"]
[BlackElo "1948"]
[WhiteElo "2194"]
[LiveChessVersion "1.4.8"]

1. e4 {[%clk 0:10:02]} d5 {[%clk 0:10:05]} 2. d4 {[%clk 0:10:02]} dxe4
{[%clk 0:10:04]} 3. Nc3 {[%clk 0:10:04]} Nf6 {[%clk 0:10:01]} 4. Bg5
{[%clk 0:10:06]} Bf5 {[%clk 0:09:54]} 5. Qe2 {[%clk 0:10:08]} Nbd7
{[%clk 0:09:46]} 6. O-O-O {[%clk 0:09:49]} c6 {[%clk 0:09:24]} 7. h3
{[%clk 0:09:29]} Qa5 {[%clk 0:08:49]} 8. Kb1 {[%clk 0:09:23]} e6 {[%clk 0:08:36]}
9. f3 {[%clk 0:08:55]} exf3 {[%clk 0:08:30]} 10. Nxf3 {[%clk 0:08:57]} Bb4
{[%clk 0:08:12]} 11. Bd2 {[%clk 0:08:47]} Nd5 {[%clk 0:07:46]} 12. Ne4
{[%clk 0:06:34]} O-O {[%clk 0:06:33]} 13. Bxb4 {[%clk 0:06:30]} Qxb4
{[%clk 0:06:21]} 14. Ka1 {[%clk 0:06:26]} a5 {[%clk 0:06:04]} 15. c3
{[%clk 0:05:11]} Qe7 {[%clk 0:05:53]} 16. g4 {[%clk 0:05:04]} Bg6
{[%clk 0:05:32]} 17. c4 {[%clk 0:04:17]} Nb4 {[%clk 0:05:11]} 18. a3
{[%clk 0:04:17]} Nf6 {[%clk 0:04:49]} 19. Nxf6+ {[%clk 0:03:59]} Qxf6
{[%clk 0:04:50]} 20. Ne5 {[%clk 0:03:58]} Rfd8 {[%clk 0:04:01]} 21. Nxg6
{[%clk 0:03:58]} Qxg6 {[%clk 0:04:02]} 22. Bg2 {[%clk 0:03:28]} Qc2
{[%clk 0:03:51]} 23. Rd2 {[%clk 0:02:51]} Qb3 {[%clk 0:03:02]} 24. axb4
{[%clk 0:02:53]} axb4+ {[%clk 0:03:04]} 25. Kb1 {[%clk 0:02:55]} Qa4
{[%clk 0:02:07]} 26. Be4 {[%clk 0:02:57]} Qa2+ {[%clk 0:00:57]} 27. Kc1
{[%clk 0:02:54]} Qa1+ {[%clk 0:00:31]} 28. Bb1 {[%clk 0:02:56]} b5
{[%clk 0:00:26]} 29. c5 {[%clk 0:02:53]} b3 {[%clk 0:00:27]} 30. Qd3
{[%clk 0:02:55]} Ra4 {[%clk 0:00:23]} 31. Qxb3 {[%clk 0:01:51]} Rc4+
{[%clk 0:00:22]} 32. Rc2 {[%clk 0:01:53]} Rdxd4 {[%clk 0:00:17]} 33. Qa2
{[%clk 0:01:49]} Qxa2 {[%clk 0:00:08]} 34. Bxa2 {[%clk 0:01:51]} Rxc2+
{[%clk 0:00:08]} 35. Kxc2 {[%clk 0:01:54]} Kf8 {[%clk 0:00:06]} 36. Kc3
{[%clk 0:01:51]} Rf4 {[%clk 0:00:08]} 37. Rd1 {[%clk 0:01:45]} Ke7
{[%clk 0:00:10]} 38. Rd3 {[%clk 0:01:47]} e5 {[%clk 0:00:11]} 39. Bb3
{[%clk 0:01:44]} f6 {[%clk 0:00:09]} 40. Rd6 {[%clk 0:01:41]} Rf3+
{[%clk 0:00:10]} 41. Kc2 {[%clk 0:01:41]} Rxh3 {[%clk 0:00:11]} 42. Rxc6
{[%clk 0:01:44]} Kd7 {[%clk 0:00:06]} 43. Rb6 {[%clk 0:01:45]} e4
{[%clk 0:00:07]} 44. g5 {[%clk 0:01:44]} e3 {[%clk 0:00:07]} 45. Be6+
{[%clk 0:01:46]} Kc7 {[%clk 0:00:09]} 46. Bxh3 {[%clk 0:01:48]} 1-0

[Event "DGCS OPEN 2018"]
[Site "Ostrow Wielkopolski"]
[Date "2018.09.28"]
[Round "5.4"]
[White "Siwik, Rafal"]
[Black "Bobrowski, Piotr"]
[Result "1-0"]
[BlackElo "1897"]
[WhiteElo "1982"]
[LiveChessVersion "1.4.8"]

1. c4 {[%clk 0:10:04]} g6 {[%clk 0:10:04]} 2. Nc3 {[%clk 0:10:05]} Bg7
{[%clk 0:10:05]} 3. g3 {[%clk 0:10:07]} e6 {[%clk 0:10:00]} 4. Bg2
{[%clk 0:10:09]} Ne7 {[%clk 0:10:02]} 5. Nf3 {[%clk 0:10:04]} O-O
{[%clk 0:10:02]} 6. O-O {[%clk 0:09:58]} c6 {[%clk 0:10:04]} 7. d4
{[%clk 0:09:02]} d5 {[%clk 0:10:05]} 8. b3 {[%clk 0:08:44]} b6 {[%clk 0:09:46]}
9. e3 {[%clk 0:07:19]} Ba6 {[%clk 0:09:46]} 10. Nd2 {[%clk 0:07:20]} b5
{[%clk 0:09:09]} 11. cxb5 {[%clk 0:06:57]} cxb5 {[%clk 0:09:09]} 12. b4
{[%clk 0:06:59]} Nbc6 {[%clk 0:09:08]} 13. a3 {[%clk 0:07:01]} Rc8
{[%clk 0:09:09]} 14. Bb2 {[%clk 0:07:01]} Nf5 {[%clk 0:08:34]} 15. Nb3
{[%clk 0:07:00]} Rb8 {[%clk 0:08:00]} 16. Qe2 {[%clk 0:06:42]} Nd6
{[%clk 0:07:49]} 17. Nc5 {[%clk 0:06:30]} Bc8 {[%clk 0:07:48]} 18. Rfd1
{[%clk 0:06:10]} Nc4 {[%clk 0:07:48]} 19. h4 {[%clk 0:06:03]} a5 {[%clk 0:07:47]}
20. bxa5 {[%clk 0:04:37]} N6xa5 {[%clk 0:07:33]} 21. Rab1 {[%clk 0:04:21]} Re8
{[%clk 0:07:34]} 22. Bc1 {[%clk 0:04:06]} Bd7 {[%clk 0:06:58]} 23. e4
{[%clk 0:03:02]} dxe4 {[%clk 0:06:40]} 24. Bxe4 {[%clk 0:02:38]} Bf8
{[%clk 0:06:40]} 25. Na6 {[%clk 0:02:06]} Rb6 {[%clk 0:06:23]} 26. Nb4
{[%clk 0:02:08]} Qb8 {[%clk 0:05:42]} 27. Bg2 {[%clk 0:02:03]} Nc6
{[%clk 0:05:22]} 28. Ne4 {[%clk 0:01:35]} Be7 {[%clk 0:05:08]} 29. Nc5
{[%clk 0:01:28]} Rd8 {[%clk 0:04:35]} 30. Nxd7 {[%clk 0:01:28]} Rxd7
{[%clk 0:04:37]} 31. Nxc6 {[%clk 0:01:29]} Qd6 {[%clk 0:04:32]} 32. Nxe7+
{[%clk 0:01:30]} Rxe7 {[%clk 0:04:33]} 33. Qf3 {[%clk 0:01:20]} Ra7
{[%clk 0:04:17]} 34. Bh6 {[%clk 0:01:14]} f5 {[%clk 0:04:08]} 35. d5
{[%clk 0:00:58]} e5 {[%clk 0:04:01]} 36. Bc1 {[%clk 0:00:48]} Nxa3
{[%clk 0:03:56]} 37. Bxa3 {[%clk 0:00:38]} Rxa3 {[%clk 0:03:57]} 38. Qe2
{[%clk 0:00:35]} b4 {[%clk 0:03:52]} 39. Qc4 {[%clk 0:00:35]} b3 {[%clk 0:03:47]}
40. Rd3 {[%clk 0:00:32]} b2 {[%clk 0:03:22]} 41. Rxa3 {[%clk 0:00:27]} Qxa3
{[%clk 0:03:23]} 42. d6+ {[%clk 0:02:24]} Kg7 {[%clk 0:03:18]} 43. Qc7+
{[%clk 0:02:26]} Kh6 {[%clk 0:03:17]} 44. Qxb6 {[%clk 0:02:28]} e4
{[%clk 0:03:06]} 45. Qxb2 {[%clk 0:02:28]} Qxd6 {[%clk 0:03:07]} 46. Rc1
{[%clk 0:02:27]} Qd3 {[%clk 0:02:59]} 47. Qc3 {[%clk 0:02:28]} Qd6
{[%clk 0:02:57]} 48. Qe3+ {[%clk 0:02:29]} Kg7 {[%clk 0:02:58]} 49. Ra1
{[%clk 0:02:32]} h6 {[%clk 0:02:40]} 50. Ra7+ {[%clk 0:02:33]} Kf6
{[%clk 0:02:42]} 51. Qc3+ {[%clk 0:02:34]} Ke6 {[%clk 0:02:40]} 52. Rc7
{[%clk 0:02:35]} Qd8 {[%clk 0:01:58]} 53. Rc6+ {[%clk 0:02:36]} Kf7
{[%clk 0:01:57]} 54. Qf6+ {[%clk 0:02:33]} Kf8 {[%clk 0:01:58]} 55. Qxd8+
{[%clk 0:02:34]} Kf7 {[%clk 0:10:03]} 1-0

[Event "DGCS OPEN 2018"]
[Site "Ostrow Wielkopolski"]
[Date "2018.09.28"]
[Round "6.1"]
[White "Przybylski, Wojciech"]
[Black "Siwik, Rafal"]
[Result "1-0"]
[BlackElo "1982"]
[WhiteElo "2297"]
[LiveChessVersion "1.4.8"]

1. e4 {[%clk 0:10:03]} c5 {[%clk 0:10:04]} 2. Nf3 {[%clk 0:10:04]} Nc6
{[%clk 0:10:06]} 3. d4 {[%clk 0:09:57]} cxd4 {[%clk 0:10:06]} 4. Nxd4
{[%clk 0:09:57]} Nf6 {[%clk 0:10:08]} 5. Nc3 {[%clk 0:09:57]} e5 {[%clk 0:10:09]}
6. Ndb5 {[%clk 0:09:57]} d6 {[%clk 0:10:10]} 7. Bg5 {[%clk 0:09:56]} a6
{[%clk 0:10:09]} 8. Na3 {[%clk 0:09:57]} b5 {[%clk 0:10:08]} 9. Nd5
{[%clk 0:09:57]} Be7 {[%clk 0:10:09]} 10. Bxf6 {[%clk 0:09:56]} Bxf6
{[%clk 0:10:04]} 11. c3 {[%clk 0:09:57]} Bg5 {[%clk 0:09:57]} 12. Nc2
{[%clk 0:09:55]} O-O {[%clk 0:09:58]} 13. a4 {[%clk 0:09:33]} bxa4
{[%clk 0:09:52]} 14. Rxa4 {[%clk 0:09:34]} a5 {[%clk 0:09:52]} 15. h4
{[%clk 0:09:17]} Bh6 {[%clk 0:09:54]} 16. Bc4 {[%clk 0:09:17]} Be6
{[%clk 0:09:28]} 17. Nce3 {[%clk 0:08:46]} Rb8 {[%clk 0:06:54]} 18. b3
{[%clk 0:08:47]} Bxe3 {[%clk 0:04:15]} 19. Nxe3 {[%clk 0:08:42]} Qc7
{[%clk 0:04:11]} 20. h5 {[%clk 0:07:41]} Rfd8 {[%clk 0:03:08]} 21. h6
{[%clk 0:06:48]} g6 {[%clk 0:03:10]} 22. Nd5 {[%clk 0:06:25]} Bxd5
{[%clk 0:02:57]} 23. Qxd5 {[%clk 0:06:23]} Rd7 {[%clk 0:01:20]} 24. O-O
{[%clk 0:06:20]} Qb6 {[%clk 0:00:49]} 25. Rd1 {[%clk 0:05:57]} Nd8
{[%clk 0:00:11]} 26. Qxa5 {[%clk 0:04:17]} Qxa5 {[%clk 0:00:08]} 27. Rxa5
{[%clk 0:04:19]} Ne6 {[%clk 0:00:10]} 28. Rxe5 {[%clk 0:04:05]} 1-0